00441 2200157 4500001002100000008004100021035002000062245004600082100002100128260004300149300002900192020002200221084001400243082001400257990001200271INLIS000000000001099 Ind  a0010-1024000230 aAdministrasi PertanahancNandang Almansah aNandang Almansah aTangerang :bUniversitas Terbukac2021 axii, 620 halama :c21 cm a978-602-392-400-4 a351 NAN a a351 NAN a a0001550